000
00245 a2200097 4500
001
59595
090
_c
36464
_d
36464
100
_a
sullivan michael
245
_a
Finite mathematics an applied approach
260
_a
America
_b
John wiley&Sons
_c
2008
942
_a
NUST-CAE
_k
519.21 SUL
999
_c
294668
_d
294668